000 00872nam a2200277 a 4500
001 79039
003 BD-RjUL
005 20211220162029.0
008 211220s2021 bg ||||| |||| 00| 0 eng d
020 _a978-9849491729 (vol.1)
020 _a9789849491712 (vol. 2)
035 _a(BD-RjUL)79039
040 _aBD-RjUL
_beng
_cBD-RjUL
041 _aeng
082 _223
_a338.95492
_bREA 2021
245 _aReadings in Bangladesh Development /
_cEditors K.A.S. Murshid , Minhaj Mahmud , Kazi Iqbal
260 _aDhaka :
_bBangladesh Institute of Development Studies,
_c 2021
300 _av.;
_c24 cm.
505 0 1 _aVol. 1 --V. 2--
650 _aEconomic development
_zBangladesh
_9287
650 _aSustainable development
_zBangladesh
_9288
700 _aMurshid, K.A.S.
_9289
700 _aMahmud, Minhaj
_9290
700 _aIqbal, Kazi
_9291
942 _2ddc
_cBK
999 _c79039
_d79039